00690nam a2200193Ia 4500008004100000082001400041100001700055245008700072250000800159260002500167300001100192500002400203650001200227700002100239942000700260952010600267952010600373999001700479230524s9999 xx 000 0 und d a4.12bLIU aYu-Cheng Liu 0a"Microcomputer Systems :The 8086/ 8088 Family (Architecture, Programming& Design)" a2ND aNEW DELHIbPHIc2004 aVI;613 aQuantity Number: 2 aComp-Sc a Glenn A. Gibson cBK 00104070aTATCLbTATCLcGENd2023-05-24l0o004.12 LIUp15738r2023-05-24w2023-05-24yBKzCPEN5306 00104070aTATCLbTATCLcGENd2023-05-24l0o004.12 LIUp15739r2023-05-24w2023-05-24yBKzCPEN5306 c36585d36585